000 00702nam a2200289Ia 4500
005 20260324145315.0
008 008 260324s9999 xx 000 0 eng d
020 _a9781315670348
037 _aEBOOK
040 _aCRL
040 _beng
040 _cCRL
041 _2eng
041 _aeng
084 _qCRL
100 _aEmery. N. Castle; Kent. A Price
_91222503
245 0 _aU.S. Interests and Global Natural Resources
245 0 _bEnergy, Minerals, Food
260 _bTaylor and Francis
260 _c1983
365 _a
365 _b180
856 _uhttp://www.taylorfrancis.com/books/9781315670348
942 _cEBOOK
999 _c1830216
_d1830216